[Event "TCh-FRA Top 12 2012"]
[Site "Belfort FRA"]
[Date "2012.06.05"]
[Round "6.3"]
[White "So, Wesley"]
[Black "Krasenkow, Michal"]
[Result "1/2-1/2"]
[WhiteTitle "GM"]
[BlackTitle "GM"]
[WhiteElo "2653"]
[BlackElo "2604"]
[WhiteTeam "CLICHY Echecs 92"]
[BlackTeam "Echiquier Chalonnais"]
[WhiteFideId "5202213"]
[BlackFideId "1113100"]
[EventDate "2012.05.31"]

1. e4 e5 2. Nf3 Nc6 3. Bb5 Nf6 4. O-O Bc5 5. c3 O-O 6. d4 Bb6 7. Bg5 h6 8. Bh4
d6 9. Re1 exd4 10. cxd4 Bg4 11. Bxc6 bxc6 12. Nbd2 g5 13. Bg3 Bxd4 14. Qc2 Bc5
15. e5 Nh5 16. Nb3 Bb6 17. Qxc6 f5 18. Qd5+ Kh8 19. Qe6 Kh7 20. exd6 Bxf3 21.
gxf3 f4 22. Qe4+ Kh8 23. Qg6 Rf6 24. Qxh5 fxg3 25. hxg3 Qxd6 26. Kg2 Raf8 27.
Rad1 Qc6 28. Nd2 Ba5 29. Rh1 Kg7 30. Rc1 Qe6 31. Rce1 Qc6 32. Rc1 Qe6 33. Rce1
Qc6 1/2-1/2

[Event "TCh-FRA Top 12 2012"]
[Site "Belfort FRA"]
[Date "2012.06.05"]
[Round "6.6"]
[White "Dourerassou, Jonathan"]
[Black "Pelletier, Yannick"]
[Result "0-1"]
[WhiteTitle "IM"]
[BlackTitle "GM"]
[WhiteElo "2462"]
[BlackElo "2587"]
[WhiteTeam "Echiquier Chalonnais"]
[BlackTeam "CLICHY Echecs 92"]
[WhiteFideId "628050"]
[BlackFideId "1301837"]
[EventDate "2012.05.31"]

1. e4 c5 2. Nf3 Nc6 3. d4 cxd4 4. Nxd4 e5 5. Nb5 a6 6. Nd6+ Bxd6 7. Qxd6 Qf6 8.
Qxf6 Nxf6 9. Nc3 Nb4 10. Bd3 d6 11. b3 Be6 12. Ba3 Nxd3+ 13. cxd3 Rc8 14. Kd2
Rc6 15. f4 exf4 16. Ne2 d5 17. e5 Ng4 18. Bd6 Kd7 19. h3 Ne3 20. Nxf4 d4 21.
Rhc1 Rhc8 22. Rxc6 Rxc6 23. Rc1 Rxc1 24. Kxc1 g5 25. Nh5 Bf5 26. g4 Bxd3 27. Bc5
Nd5 28. Ng3 Nf4 29. Bxd4 Nxh3 30. Kd2 Bb1 31. Ne2 Ke6 32. Nc3 Bg6 33. Ke3 Nf4
34. Na4 Nd3 35. a3 b5 36. Nc5+ Nxc5 37. Bxc5 Kxe5 38. Be7 f6 39. a4 Bc2 40. axb5
axb5 41. b4 Bd1 0-1

[Event "TCh-FRA Top 12 2012"]
[Site "Belfort FRA"]
[Date "2012.06.05"]
[Round "6.7"]
[White "Van Wely, Loek"]
[Black "Vernay, Clovis"]
[Result "1-0"]
[WhiteTitle "GM"]
[BlackTitle "IM"]
[WhiteElo "2682"]
[BlackElo "2441"]
[WhiteTeam "CLICHY Echecs 92"]
[BlackTeam "Echiquier Chalonnais"]
[WhiteFideId "1000268"]
[BlackFideId "633046"]
[EventDate "2012.05.31"]

1. c4 e5 2. Nc3 Nf6 3. Nf3 Nc6 4. g3 d5 5. cxd5 Nxd5 6. Bg2 Nb6 7. O-O Be7 8. a3
a5 9. d3 Be6 10. Be3 Nd5 11. Bd2 O-O 12. Ne4 f6 13. Rc1 Qd7 14. Re1 a4 15. Nc5
Bxc5 16. Rxc5 Rfd8 17. Qc2 Nde7 18. Be3 Bb3 19. Qc1 Bd5 20. h4 b6 21. Rc3 Ra7
22. Kh2 Na5 23. Bh3 Qd6 24. d4 Nb3 25. dxe5 fxe5 26. Qb1 h6 27. Nd2 Be6 28.
Bxe6+ Qxe6 29. Nxb3 axb3 30. Rd1 Raa8 31. Rxd8+ Rxd8 32. Rxc7 e4 33. Qc1 Nd5 34.
Rc6 Qf7 35. Rc8 1-0

[Event "TCh-FRA Top 12 2012"]
[Site "Belfort FRA"]
[Date "2012.06.05"]
[Round "6.8"]
[White "Benmesbah, Natacha"]
[Black "Skripchenko, Almira"]
[Result "1-0"]
[WhiteTitle "WIM"]
[BlackTitle "IM"]
[WhiteElo "2208"]
[BlackElo "2440"]
[WhiteTeam "Echiquier Chalonnais"]
[BlackTeam "CLICHY Echecs 92"]
[WhiteFideId "642002"]
[BlackFideId "13900145"]
[EventDate "2012.05.31"]

1. e4 c5 2. Nf3 e6 3. b3 a6 4. Bb2 Nc6 5. c4 Qc7 6. g3 Nf6 7. e5 Ng4 8. Qe2 Nh6
9. Bg2 Be7 10. O-O O-O 11. Re1 Nf5 12. Na3 f6 13. Nc2 fxe5 14. Nxe5 Bf6 15. Bc3
Nxe5 16. Bxe5 Bxe5 17. Qxe5 Qxe5 18. Rxe5 d6 19. Re4 Rb8 20. d4 b6 21. Rd1 Rd8
22. dxc5 bxc5 23. Bh3 g6 24. Bxf5 gxf5 25. Re5 Rb6 26. Rxc5 Rf8 27. Rc7 f4 28.
Nd4 Kh8 29. Nc6 d5 30. cxd5 exd5 31. Rxd5 Bh3 32. Rh5 Bf5 33. f3 Bb1 34. Kf2 Bg6
35. Re5 Bb1 36. Ree7 Rb5 37. Ne5 Rd5 38. Nf7+ Kg7 39. Ne5+ Kh8 40. gxf4 Rd2+ 41.
Ke3 Rxh2 42. a4 Bc2 43. Nf7+ Kg8 44. Ng5 Bxb3 45. Nxh7 Rf7 46. Rxf7 Bxf7 47.
Nf6+ Kf8 48. Rc6 Kg7 49. Ng4 Ra2 50. Rxa6 Ra3+ 51. Ke4 Bb3 52. Ra7+ Kf8 53. a5
Bc2+ 54. Ke5 Rxf3 55. Rc7 Bd1 56. Kf5 Ra3 57. Ra7 Be2 58. Ne5 Ke8 59. Ke6 Kd8
60. f5 Re3 61. f6 Kc8 62. Kd6 Bh5 63. Rc7+ Kd8 64. Rh7 Be8 65. Rh8 Rd3+ 66. Nxd3 1-0

[Event "TCh-FRA Top 12 2012"]
[Site "Belfort FRA"]
[Date "2012.06.05"]
[Round "6.1"]
[White "Delchev, Aleksander"]
[Black "Iordachescu, Viorel"]
[Result "1/2-1/2"]
[WhiteTitle "GM"]
[BlackTitle "GM"]
[WhiteElo "2622"]
[BlackElo "2614"]
[WhiteTeam "MARSEILLE Echecs"]
[BlackTeam "METZ Fischer"]
[WhiteFideId "2900394"]
[BlackFideId "13900200"]
[EventDate "2012.05.31"]

1. d4 Nf6 2. c4 e6 3. Nf3 b6 4. g3 Ba6 5. b3 b5 6. cxb5 Bxb5 7. Bg2 d5 8. O-O
Nbd7 9. Nc3 Ba6 10. Ne5 c5 11. Nxd7 Qxd7 12. Ba3 Rc8 13. Rc1 Be7 14. dxc5 Bxc5
15. Bxc5 Rxc5 16. Qd4 Rc6 17. Rfd1 O-O 18. e4 Rd8 19. exd5 exd5 20. h3 h6 21.
Na4 Bb5 22. Rxc6 Bxc6 23. Nc5 Qe7 24. a4 a5 25. Rc1 Ba8 26. Nd3 Rb8 27. Qc5 Qd8
28. Qc7 Qxc7 29. Rxc7 Rxb3 30. Ne5 Rb1+ 31. Kh2 Bb7 32. Rxf7 Bc8 33. Ra7 Kh7 34.
Rxa5 Rb2 35. Rc5 Bf5 36. g4 Be4 37. f3 Bc2 38. a5 d4 39. Kg3 d3 40. Nc4 Ra2 41.
Bf1 Ra1 42. Kf2 Kg8 43. h4 Kf8 44. g5 hxg5 45. hxg5 Ne8 46. Rf5+ Ke7 47. Re5+
Kf8 48. Rf5+ Ke7 49. Re5+ Kf8 50. Re1 Ra4 51. Nd2 Rxa5 52. Ke3 Nd6 53. Rc1 Nf5+
54. Kf4 g6 55. Re1 Nd6 56. Re5 Ra4+ 57. Ke3 Nf5+ 58. Kf2 Rh4 59. Bg2 Rh2 60. Re4
Bd1 61. Re1 Nh4 62. Rxd1 Rxg2+ 63. Ke3 1/2-1/2

[Event "TCh-FRA Top 12 2012"]
[Site "Belfort FRA"]
[Date "2012.06.05"]
[Round "6.2"]
[White "Postny, Evgeny"]
[Black "Naiditsch, Arkadij"]
[Result "1-0"]
[WhiteTitle "GM"]
[BlackTitle "GM"]
[WhiteElo "2651"]
[BlackElo "2698"]
[WhiteTeam "METZ Fischer"]
[BlackTeam "MARSEILLE Echecs"]
[WhiteFideId "2804344"]
[BlackFideId "4650891"]
[EventDate "2012.05.31"]

1. d4 Nf6 2. c4 e6 3. Nf3 d5 4. g3 dxc4 5. Bg2 Bd7 6. Nbd2 Bb4 7. O-O c3 8. bxc3
Bxc3 9. Rb1 Bxd2 10. Nxd2 Bc6 11. Bxc6+ Nxc6 12. Rxb7 O-O 13. Ba3 Qc8 14. Rb3
Rd8 15. e3 e5 16. Qc2 Qa6 17. Rc1 Na5 18. Qd3 Qe6 19. Rb5 exd4 20. e4 Nc6 21.
Qc4 Qxc4 22. Rxc4 a6 23. Rg5 h6 24. Rf5 Na7 25. Be7 Rd7 26. Bxf6 gxf6 27. Rxf6
Nb5 28. Rxh6 Nc3 29. Nb3 Nxe4 30. Rxd4 Rxd4 31. Nxd4 c5 32. Nf5 Rb8 33. Ne7+ Kg7
34. Nf5+ Kg8 35. Rh4 Nd2 36. Rg4+ Kf8 37. Ra4 Rb6 38. Ne3 Nf3+ 39. Kg2 Ne1+ 40.
Kf1 Nd3 41. Ke2 Ne5 42. Nc4 Nxc4 43. Rxc4 Rb2+ 44. Ke3 Rxa2 45. Rxc5 a5 46. h4
a4 47. Ra5 a3 48. g4 Kg7 49. Ra6 Kh7 50. Kf3 Kg7 51. Kg3 Kh7 52. h5 Kg7 53. g5
Kg8 54. Ra8+ Kg7 55. h6+ Kh7 56. Rf8 Ra1 57. Rxf7+ Kg6 58. Rg7+ Kf5 59. Kg2 Rb1
60. h7 a2 61. h8=Q 1-0

[Event "TCh-FRA Top 12 2012"]
[Site "Belfort FRA"]
[Date "2012.06.05"]
[Round "6.4"]
[White "Koch, Jean-Rene"]
[Black "Miton, Kamil"]
[Result "1/2-1/2"]
[WhiteTitle "IM"]
[BlackTitle "GM"]
[WhiteElo "2484"]
[BlackElo "2622"]
[WhiteTeam "METZ Fischer"]
[BlackTeam "MARSEILLE Echecs"]
[WhiteFideId "600148"]
[BlackFideId "1111914"]
[EventDate "2012.05.31"]

1. e4 c5 2. Nf3 Nc6 3. d4 cxd4 4. Nxd4 e5 5. Nb5 d6 6. c4 Be7 7. N1c3 a6 8. Na3
Nf6 9. Nc2 O-O 10. Bd3 Bg4 11. f3 Be6 12. Be3 Nh5 13. Nd5 Bg5 14. Bb6 Qd7 15.
O-O Ne7 16. a4 Rac8 17. Nxe7+ Qxe7 18. b3 g6 19. Nb4 Bf4 20. g3 Qg5 21. Ra2 a5
22. Nd5 Bxd5 23. exd5 Be3+ 24. Bxe3 Qxe3+ 25. Kh1 f5 26. Re2 Qc5 27. Bc2 Nf6 28.
Qd2 Qc7 29. Kg2 Nd7 30. Rfe1 Nc5 31. f4 e4 32. Qd4 Qg7 33. Qxg7+ Kxg7 34. Kf2 h6
35. Ke3 Kf6 36. Rf1 Rce8 37. Ref2 Re7 38. h3 Kg7 39. Rg2 Ref7 40. g4 fxg4 41.
Rxg4 g5 42. h4 Rxf4 43. Rfxf4 Rxf4 44. Rxf4 gxf4+ 45. Kxf4 Kg6 46. Bxe4+ Kh5 47.
Bc2 Kxh4 48. Bd1 Kh3 49. Kf5 Kg3 50. Kf6 Kf4 51. Ke7 Ke5 52. Kd8 h5 53. Bxh5
Nxa4 54. bxa4 Kd4 55. Kc7 Ke5 56. Kb6 Kf6 57. Kxa5 Ke7 58. Kb6 Kd8 59. a5 Kc8
60. Be8 Kb8 61. Bb5 Kc8 62. Be8 Kb8 63. Bb5 1/2-1/2

[Event "TCh-FRA Top 12 2012"]
[Site "Belfort FRA"]
[Date "2012.06.05"]
[Round "6.5"]
[White "Gozzoli, Yannick"]
[Black "Lazarev, Vladimir"]
[Result "1/2-1/2"]
[WhiteTitle "GM"]
[BlackTitle "GM"]
[WhiteElo "2551"]
[BlackElo "2438"]
[WhiteTeam "MARSEILLE Echecs"]
[BlackTeam "METZ Fischer"]
[WhiteFideId "616915"]
[BlackFideId "4113250"]
[EventDate "2012.05.31"]

1. d4 d5 2. c4 e6 3. Nf3 Nf6 4. Nc3 Bb4 5. Bg5 h6 6. Bxf6 Qxf6 7. cxd5 exd5 8.
Qb3 Qd6 9. e3 O-O 10. Bd3 c6 11. O-O-O Be6 12. Kb1 Nd7 13. Ne2 a5 14. Bc2 Rfc8
15. Nf4 Nf6 16. Nxe6 Qxe6 17. Bd3 Bd6 18. Qc2 Rc7 19. Bf5 Qe7 20. h4 a4 21. g4
c5 22. g5 Ne4 23. gxh6 g6 24. Rhg1 Kh8 25. Bxe4 dxe4 26. dxc5 Rxc5 27. Qd2 exf3
28. Qxd6 Qe4+ 29. Ka1 Rc6 30. Qd2 Rc2 1/2-1/2

[Event "TCh-FRA Top 12 2012"]
[Site "Belfort FRA"]
[Date "2012.06.05"]
[Round "6.6"]
[White "Hisler, Thomas"]
[Black "Maze, Sebastien"]
[Result "0-1"]
[BlackTitle "GM"]
[WhiteElo "2247"]
[BlackElo "2594"]
[WhiteTeam "METZ Fischer"]
[BlackTeam "MARSEILLE Echecs"]
[WhiteFideId "617997"]
[BlackFideId "613762"]
[EventDate "2012.05.31"]

1. e4 c5 2. Nc3 Nc6 3. g3 g6 4. Bg2 Bg7 5. d3 d6 6. Be3 Rb8 7. Qd2 b5 8. Nge2 b4
9. Nd1 e5 10. c3 Nge7 11. O-O O-O 12. f4 bxc3 13. bxc3 exf4 14. Bxf4 Ba6 15. Ne3
Ne5 16. c4 Rb2 17. Qd1 Qa5 18. Nc1 Qa3 19. Bg5 Re8 20. Kh1 h6 21. Bf6 N7c6 22.
Nd5 Reb8 23. Nc7 Qa5 24. Nd5 Rd2 25. Qe1 Rbb2 26. Rg1 Rxg2 0-1

[Event "TCh-FRA Top 12 2012"]
[Site "Belfort FRA"]
[Date "2012.06.05"]
[Round "6.8"]
[White "Monpeurt, Cyrielle"]
[Black "Delorme, Laurie"]
[Result "1-0"]
[BlackTitle "WIM"]
[WhiteElo "2014"]
[BlackElo "2236"]
[WhiteTeam "METZ Fischer"]
[BlackTeam "MARSEILLE Echecs"]
[WhiteFideId "677400"]
[BlackFideId "630829"]
[EventDate "2012.05.31"]

1. e4 e5 2. Nf3 Nc6 3. Bb5 a6 4. Ba4 Nf6 5. O-O Be7 6. Re1 b5 7. Bb3 O-O 8. h3
Bb7 9. d3 d5 10. exd5 Nxd5 11. Nxe5 Nxe5 12. Rxe5 Qd6 13. Re1 Rae8 14. Nd2 c5
15. a4 Nf6 16. Nf3 Bd8 17. Be3 Bc7 18. axb5 axb5 19. c3 Nh5 20. Kf1 Nf4 21. Bxf4
Qxf4 22. Qd2 Qf5 23. Rxe8 Rxe8 24. Re1 Rxe1+ 25. Nxe1 g6 26. Qe3 Bc6 27. Qe7 Bb6
28. Qd6 Qc8 29. Qf6 c4 30. dxc4 Bd8 31. Qd4 Qb8 32. c5 Be7 33. Qe3 Qf8 34. Nd3
Bf6 35. Ne5 Bxe5 36. Qxe5 Qa8 37. Kg1 Qa1+ 38. Kh2 Qxb2 39. Qb8+ Kg7 40. Qe5+
Kg8 41. Bxf7+ Kxf7 42. Qc7+ Kg8 43. Qxc6 Qxc3 44. Qxb5 Qe5+ 45. g3 Qe1 46. Qb3+
Kf8 47. Qf3+ Kg7 48. c6 Qc1 49. Qe4 Qc5 50. Kg2 Kh6 51. Qe3+ 1-0

[Event "TCh-FRA Top 12 2012"]
[Site "Belfort FRA"]
[Date "2012.06.05"]
[Round "6.3"]
[White "Terrieux, Kevin"]
[Black "Nanu, Costica-Ciprian"]
[Result "1/2-1/2"]
[WhiteTitle "IM"]
[BlackTitle "GM"]
[WhiteElo "2372"]
[BlackElo "2520"]
[WhiteTeam "Echiquier Guingampais"]
[BlackTeam "GRASSE Echecs"]
[WhiteFideId "622591"]
[BlackFideId "1204580"]
[EventDate "2012.05.31"]

1. d4 d5 2. c4 dxc4 3. Nf3 Nf6 4. e3 a6 5. Bxc4 e6 6. O-O Nbd7 7. a4 b6 8. Nc3
Bb7 9. Qe2 Bb4 10. Rd1 O-O 11. d5 exd5 12. Nxd5 Bd6 13. Nxf6+ Qxf6 14. Bd5 Bxd5
15. Rxd5 Rfe8 16. Qc2 Ne5 17. Nxe5 Rxe5 18. Rxe5 Qxe5 19. g3 Re8 20. Bd2 1/2-1/2

[Event "TCh-FRA Top 12 2012"]
[Site "Belfort FRA"]
[Date "2012.06.05"]
[Round "6.4"]
[White "Sanchez, Joseph"]
[Black "Bailet, Pierre"]
[Result "1/2-1/2"]
[WhiteTitle "GM"]
[BlackTitle "IM"]
[WhiteElo "2531"]
[BlackElo "2425"]
[WhiteTeam "GRASSE Echecs"]
[BlackTeam "Echiquier Guingampais"]
[WhiteFideId "5201233"]
[BlackFideId "655830"]
[EventDate "2012.05.31"]

1. e4 c5 2. Nf3 Nc6 3. d4 cxd4 4. Nxd4 Nf6 5. Nc3 e5 6. Ndb5 d6 7. Bg5 a6 8. Na3
b5 9. Nd5 Be7 10. Bxf6 Bxf6 11. c4 b4 12. Nc2 a5 13. g3 O-O 14. h4 Be6 15. Bg2
Bxd5 16. cxd5 Nb8 17. O-O Na6 18. Ne3 Nc5 19. Rc1 Qb6 20. Re1 g6 21. Nc4 Qd8 22.
Qd2 Bg7 23. h5 gxh5 24. Qe3 h4 25. Nxe5 dxe5 26. Qxc5 Qf6 27. Re3 h3 28. Rf3 Qg6
29. Bxh3 Qxe4 30. Kg2 Rad8 31. d6 Qg6 32. Rd1 f5 33. d7 Kh8 34. Rd6 Qg5 35. Qxa5
f4 36. Qxb4 fxg3 37. Rxg3 Qe7 38. a3 e4 39. Rd5 Qh4 40. Rf5 Rxf5 41. Bxf5 Be5
42. Rg4 Qh2+ 43. Kf1 Qh3+ 44. Ke1 Qh1+ 45. Kd2 Qf3 46. Qxe4 Qxf2+ 47. Kd3 Qf1+
48. Kc2 Qf2+ 49. Kc1 Qf1+ 50. Kc2 Qf2+ 51. Kb3 Qxb2+ 52. Ka4 Qb8 53. Qd5 Bb2 54.
Re4 Bc3 55. Qb5 Qa8+ 56. Kb3 Bf6 57. Re8+ Kg7 58. Be4 Qa7 59. Rxd8 Qe3+ 60. Bd3
Qe6+ 61. Qc4 Qb6+ 62. Qb4 Qe6+ 63. Bc4 Qe3+ 64. Ka4 Qa7+ 65. Qa5 Qxa5+ 66. Kxa5
Bxd8+ 67. Kb5 Kf6 68. a4 Ke7 69. Kc6 Ba5 70. Be2 Kd8 71. Bg4 Be1 72. Kb5 h5 73.
Bh3 Kc7 74. Kc4 h4 75. Kc5 Bf2+ 76. Kb5 Be3 77. a5 Bg5 78. Kc5 Kb7 79. Bf1 Ka7
80. Kb5 Bd8 81. Bg2 Bg5 82. a6 Bd8 83. Bf1 Bg5 1/2-1/2

[Event "TCh-FRA Top 12 2012"]
[Site "Belfort FRA"]
[Date "2012.06.05"]
[Round "6.5"]
[White "De Sousa, Jose-Claude"]
[Black "Fargere, Francois"]
[Result "0-1"]
[WhiteTitle "FM"]
[BlackTitle "GM"]
[WhiteElo "2262"]
[BlackElo "2467"]
[WhiteTeam "Echiquier Guingampais"]
[BlackTeam "GRASSE Echecs"]
[WhiteFideId "603880"]
[BlackFideId "615935"]
[EventDate "2012.05.31"]

1. e4 c5 2. Nf3 d6 3. d4 cxd4 4. Qxd4 a6 5. Be3 Nc6 6. Qd2 Nf6 7. Nc3 Bg4 8. Be2
e6 9. O-O-O Qa5 10. Nd4 Bxe2 11. Qxe2 Be7 12. g4 Nxd4 13. Rxd4 b5 14. g5 Nd7 15.
Kb1 Rc8 16. f4 O-O 17. e5 Rxc3 18. bxc3 d5 19. Bd2 Nb6 20. f5 Qa3 21. Bc1 Qxc3
22. Bb2 Qh3 23. f6 Bc5 24. fxg7 Kxg7 25. Rf4 Nc4 26. Rhf1 Qe3 27. Qe1 Nd2+ 28.
Ka1 Nxf1 29. Qxf1 Qg1 30. h4 Qxf1+ 31. Rxf1 Rc8 32. Kb1 Be7 33. Bd4 Rc4 34. c3
b4 0-1

[Event "TCh-FRA Top 12 2012"]
[Site "Belfort FRA"]
[Date "2012.06.05"]
[Round "6.7"]
[White "Migot, Tangi"]
[Black "Colovic, Aleksandar"]
[Result "0-1"]
[BlackTitle "IM"]
[WhiteElo "2257"]
[BlackElo "2433"]
[WhiteTeam "Echiquier Guingampais"]
[BlackTeam "GRASSE Echecs"]
[WhiteFideId "662445"]
[BlackFideId "15000729"]
[EventDate "2012.05.31"]

1. c4 e5 2. g3 d6 3. Bg2 f5 4. Nc3 Nf6 5. d3 Be7 6. e4 c6 7. Nge2 O-O 8. O-O Na6
9. h3 Qe8 10. exf5 Bxf5 11. g4 Bg6 12. Be3 Nb4 13. Ne4 d5 14. Nxf6+ Rxf6 15.
cxd5 cxd5 16. Nc1 d4 17. Bg5 Rb6 18. Bxe7 Qxe7 19. a3 Nc6 20. Qd2 a5 21. Ne2 a4
22. Rae1 Qc5 23. f4 e4 24. f5 e3 25. Qc1 Qxc1 26. Rxc1 Be8 27. Rc2 Rd8 28. Rf4
Rb3 29. Bxc6 Bxc6 30. Rxd4 Rxd4 31. Nxd4 Rxd3 32. Nxc6 Rd1+ 33. Kg2 Rd2+ 34.
Rxd2 exd2 0-1

[Event "TCh-FRA Top 12 2012"]
[Site "Belfort FRA"]
[Date "2012.06.05"]
[Round "6.8"]
[White "Forestier, Carole"]
[Black "Le Diouron, Aurelie"]
[Result "1-0"]
[WhiteElo "2096"]
[BlackElo "1954"]
[WhiteTeam "GRASSE Echecs"]
[BlackTeam "Echiquier Guingampais"]
[WhiteFideId "641405"]
[BlackFideId "637432"]
[EventDate "2012.05.31"]

1. d4 Nf6 2. c4 c5 3. d5 b5 4. cxb5 a6 5. bxa6 Bxa6 6. g3 g6 7. Bg2 d6 8. Nf3
Bg7 9. Nc3 O-O 10. Rb1 Nbd7 11. O-O Rb8 12. Qc2 Rb6 13. Rd1 Qa8 14. b3 Rfb8 15.
Nd2 Bb7 16. Nc4 Ra6 17. a4 Nb6 18. Nxb6 Rxb6 19. e4 Ba6 20. Bf1 Bxf1 21. Kxf1
Qa6+ 22. Kg2 Nd7 23. Nb5 h6 24. Bb2 Bxb2 25. Rxb2 Qa5 26. Qd2 Qxd2 27. Rbxd2 Kg7
28. Rc2 R8b7 29. f4 Rb8 30. Re2 Rc8 31. Rc1 Nf6 32. Rc3 Ra8 33. Kf3 h5 34. h3
Rd8 35. Na7 e6 36. dxe6 fxe6 37. Nb5 Nd7 38. Rd2 1-0

[Event "TCh-FRA Top 12 2012"]
[Site "Belfort FRA"]
[Date "2012.06.06"]
[Round "7.2"]
[White "Bailet, Pierre"]
[Black "Iordachescu, Viorel"]
[Result "1/2-1/2"]
[WhiteTitle "IM"]
[BlackTitle "GM"]
[WhiteElo "2425"]
[BlackElo "2614"]
[WhiteTeam "Echiquier Guingampais"]
[BlackTeam "METZ Fischer"]
[WhiteFideId "655830"]
[BlackFideId "13900200"]
[EventDate "2012.05.31"]

1. Nf3 Nf6 2. c4 e6 3. Nc3 Bb4 4. g3 b6 5. Bg2 Bb7 6. O-O O-O 7. Qb3 a5 8. d3 d5
9. cxd5 exd5 10. Bg5 Nbd7 11. d4 h6 12. Bxf6 Nxf6 13. Ne5 Ne4 14. Nxe4 dxe4 15.
e3 Bd6 16. Qc2 f5 17. Qb3+ Kh7 18. Nf7 Qe7 19. Nxd6 Qxd6 20. Rfc1 Bd5 21. Qc3
Rf7 22. Bf1 Re7 23. Bc4 Bb7 24. Bb5 Rf8 25. Rc2 h5 26. Qa3 Qd8 27. Rac1 Rf6 28.
h4 Kh6 29. Be2 Rd6 30. b4 axb4 31. Qxb4 g5 32. hxg5+ Kxg5 33. Qa3 h4 34. Qa7 c6
35. Rb2 hxg3 36. Qxb6 Qh8 37. fxg3 Rh6 38. Kf2 Rh2+ 39. Ke1 Rg2 40. Kd2 Rh7 41.
Re1 Rxg3 42. a4 Qf8 43. Qb4 c5 44. dxc5 Bc6 45. Qc3 Rd7+ 46. Kc1 Rd5 47. Kb1
Rxc5 48. Qd4 Rd5 49. Qc3 Rc5 50. Qd4 Rd5 51. Qc3 Rc5 52. Qb4 Rxe3 53. Qd2 f4 54.
Rg1+ 1/2-1/2

[Event "TCh-FRA Top 12 2012"]
[Site "Belfort FRA"]
[Date "2012.06.06"]
[Round "7.3"]
[White "Svetushkin, Dmitry"]
[Black "Terrieux, Kevin"]
[Result "1/2-1/2"]
[WhiteTitle "GM"]
[BlackTitle "IM"]
[WhiteElo "2597"]
[BlackElo "2372"]
[WhiteTeam "METZ Fischer"]
[BlackTeam "Echiquier Guingampais"]
[WhiteFideId "13900463"]
[BlackFideId "622591"]
[EventDate "2012.05.31"]

1. e4 c5 2. Nf3 a6 3. c4 e6 4. Nc3 Qc7 5. d4 cxd4 6. Nxd4 Nf6 7. a3 Nxe4 8. Nxe4
Qe5 9. Bd3 Qxd4 10. O-O f5 11. Ng3 Nc6 1/2-1/2

[Event "TCh-FRA Top 12 2012"]
[Site "Belfort FRA"]
[Date "2012.06.06"]
[Round "7.4"]
[White "Brochet, Philippe"]
[Black "Koch, Jean-Rene"]
[Result "1/2-1/2"]
[WhiteTitle "IM"]
[BlackTitle "IM"]
[WhiteElo "2383"]
[BlackElo "2484"]
[WhiteTeam "Echiquier Guingampais"]
[BlackTeam "METZ Fischer"]
[WhiteFideId "602469"]
[BlackFideId "600148"]
[EventDate "2012.05.31"]

1. e4 e5 2. Nf3 Nf6 3. d3 Nc6 4. c3 d5 5. Nbd2 a5 6. Be2 Be7 7. O-O O-O 8. Re1
Re8 9. Qc2 Bf8 10. b3 h6 11. Bb2 dxe4 12. dxe4 Nh5 13. g3 Bh3 14. Nc4 Bc5 15.
Bc1 Nf6 16. Be3 Qe7 17. a4 Ng4 18. Bxc5 Qxc5 19. Bf1 Bxf1 20. Rxf1 g6 21. Rad1
Rad8 22. Rfe1 Kg7 23. Kg2 Nf6 24. Re2 Rxd1 25. Qxd1 Rd8 26. Qc2 Qe7 27. h3 1/2-1/2

[Event "TCh-FRA Top 12 2012"]
[Site "Belfort FRA"]
[Date "2012.06.06"]
[Round "7.6"]
[White "Bodenez, Vincent"]
[Black "Taddei, Benoit"]
[Result "1/2-1/2"]
[BlackTitle "FM"]
[WhiteElo "2213"]
[BlackElo "2320"]
[WhiteTeam "Echiquier Guingampais"]
[BlackTeam "METZ Fischer"]
[WhiteFideId "624462"]
[BlackFideId "610151"]
[EventDate "2012.05.31"]

1. e4 Nf6 2. Nc3 e5 3. Nf3 Nc6 4. a3 d6 5. d4 exd4 6. Nxd4 Be7 7. Be2 O-O 8. O-O
Re8 9. Re1 Bf8 10. Bf1 Ne5 11. f4 Ng6 12. g3 c6 13. h3 Qb6 14. Kh2 h5 15. Bg2
Bd7 16. Nf3 h4 17. gxh4 Nh5 18. f5 Ngf4 19. Bxf4 Nxf4 20. Qd2 Nh5 21. Rab1 d5
22. Qg5 dxe4 23. Qxh5 exf3 24. Qxf3 Rxe1 25. Rxe1 Re8 26. Rxe8 Bxe8 27. Ne4 Qc7+
28. Qg3 Qxg3+ 29. Kxg3 Be7 30. h5 Bd7 31. Kf4 Kh7 32. Ng5+ Kg8 33. Ne4 f6 34. c4
b6 35. b4 Bd8 36. c5 Bc7+ 37. Kg4 Be5 38. cxb6 axb6 39. a4 Bc7 40. h6 1/2-1/2

[Event "TCh-FRA Top 12 2012"]
[Site "Belfort FRA"]
[Date "2012.06.06"]
[Round "7.7"]
[White "Neiman, Emmanuel"]
[Black "De Sousa, Jose-Claude"]
[Result "0-1"]
[WhiteTitle "FM"]
[BlackTitle "FM"]
[WhiteElo "2335"]
[BlackElo "2262"]
[WhiteTeam "METZ Fischer"]
[BlackTeam "Echiquier Guingampais"]
[WhiteFideId "601616"]
[BlackFideId "603880"]
[EventDate "2012.05.31"]

1. c4 Nf6 2. g3 c6 3. Nf3 d5 4. Bg2 Bg4 5. Ne5 Be6 6. cxd5 Bxd5 7. Nf3 c5 8. Nc3
Bc6 9. O-O e6 10. d3 Nbd7 11. Bf4 Be7 12. e4 O-O 13. a4 Re8 14. Qe2 Bf8 15. Nd2
a6 16. a5 b5 17. axb6 Nxb6 18. Nc4 Nxc4 19. dxc4 Qb6 20. Rfd1 Qb7 21. f3 Red8
22. Rd2 Rxd2 23. Qxd2 Be7 24. Bf1 Rd8 25. Qc2 Nd7 26. Nd5 exd5 27. exd5 Bxd5 28.
cxd5 Qxd5 29. Rd1 Qb7 30. Bc4 Nf8 31. Rxd8 Bxd8 32. Qd3 Bf6 33. b3 a5 34. Bd5
Qd7 35. Qe4 Ne6 36. Bd2 Nc7 37. Bxf7+ Kxf7 38. Bxa5 Qd4+ 39. Kg2 Qxe4 40. fxe4
Nb5 41. Bb6 Be7 42. Kf2 Ke6 0-1

[Event "TCh-FRA Top 12 2012"]
[Site "Belfort FRA"]
[Date "2012.06.06"]
[Round "7.8"]
[White "Le Diouron, Aurelie"]
[Black "Leconte, Maria"]
[Result "0-1"]
[BlackTitle "WGM"]
[WhiteElo "1954"]
[BlackElo "2260"]
[WhiteTeam "Echiquier Guingampais"]
[BlackTeam "METZ Fischer"]
[WhiteFideId "637432"]
[BlackFideId "618446"]
[EventDate "2012.05.31"]

1. d4 Nf6 2. Nf3 e6 3. e3 b6 4. Bd3 Bb7 5. O-O c5 6. c4 d6 7. Nc3 Nbd7 8. b3 Be7
9. Bb2 O-O 10. d5 e5 11. Nd2 Ne8 12. f4 exf4 13. exf4 Bf6 14. Qc2 Bd4+ 15. Kh1
Ndf6 16. Rae1 Ng4 17. Nf3 Ne3 18. Rxe3 Bxe3 19. Bxh7+ Kh8 20. Ng5 Bxf4 21. Rxf4
Qxg5 22. g3 Nf6 23. Ne4 Nxe4 24. Bxe4 f6 25. Rh4+ Kg8 26. Bc1 Qe5 27. Bh7+ Kh8
28. Bf5+ Kg8 29. Be6+ Qxe6 30. Qh7+ Kf7 31. Re4 Bxd5 0-1